Neufert : (Registro nro. 22212)

Detalles MARC
000 -Cabecera
Campo de control interno 00489nam a22002057a 4500
005 - Fecha y hora del registro
control field 20260409112642.0
008 - Elementos de Longitud Fija
fixed length control field 260409b |||||||| |||| 00| 0 spa d
041 ## - Idioma
Codigo Idioma ESP
082 ## - DEWEY y NOTACIÓN INTERNA
Dewey 721
Notación Interna N47
100 ## - AUTOR
Autor denominación Neufert, Ernst
Término de relación autor
245 ## - TÍTULO DE MATERIAL BIBLIOGRÁFICO
Título Neufert :
Título paralelo arte de proyectar en arquitectura
260 ## - CIUDAD, EDITORIAL, AÑO
Ciudad :
Nombre de la Editorial ,
Año 2013
300 ## - DESCRIPCIÓN
N° Páginas xi, 568 páginas :
Otros detalles ;
Dimensiones 30 cm.
440 ## - MENCIÓN DE SERIE
Título de la Serie ;
650 ## - TEMAS
Temas Artes Decorativas
654 ## - PROGRAMAS
Programa Dpto. Arquitectura y Urbanismo
700 ## - OTROS AUTORES
Otros autores ;
942 ## - ELEMENTOS DE KOHA
Tipo de documento Libro
Nombre del creador Justo Noguera
Código de catalogador Justo Noguera
Suppress in OPAC No
Esquema de clasificación Dewey Decimal Classification
Existencias
Codigo completo Registro Colección Copia número Disponibilidad Tipo de préstamo Biblioteca Actual Procedencia (Biblioteca) Ubicacón Fecha Ingreso Tipo de Adquisición Date last seen Total checkouts Date last checked out Price effective from Tipo de Item Estado del Material Fuente de Clasificación Damaged status Withdrawn status
721 N47 1050313 Universidad Católica San Pablo 1 Disponible Disponible Víctor Andrés Belaunde Víctor Andrés Belaunde Segundo piso 09/04/2026 Compra 24/04/2026 2 23/04/2026 09/04/2026 Libro Bueno Dewey Decimal Classification